000 00742cam a22002533a 4500
001 20814
003 PGUSA
005 20140828083437.0
008 070314s2007||||xxu|||||s|||||000 | eng d
040 _aPGUSA
_beng
042 _adc
050 4 _aD
100 1 _aPartridge, G. E.
_q(George Everett),
_d1870-
245 1 4 _aThe Psychology of Nations :
_bA Contribution to the Philosophy of History
_h[electronic resource] /
_cG. E. Partridge
260 _bProject Gutenberg,
_c2007
506 _aPublic domain in the USA.
516 _aElectronic text
653 _aEducation
653 _aWar
653 _aHistory -- Philosophy
830 0 _aProject Gutenberg
_v20814
856 4 0 _uhttp://www.gutenberg.org/ebooks/20814
942 _cEB
999 _c250069
_d250069